Global maritime distress and safety system

Αποθηκεύτηκε σε:
Λεπτομέρειες βιβλιογραφικής εγγραφής
Συγγραφή απο Οργανισμό/Αρχή: International Maritime Organization
Μορφή: Βιβλίο
Γλώσσα:English
Δημοσίευση: London : International Maritime Organization, 1987
Θέματα:
Ετικέτες: Προσθήκη ετικέτας
Δεν υπάρχουν, Καταχωρήστε ετικέτα πρώτοι!

MARC

LEADER 00000nam a2200000 i 4500
001 1/53836
008 980401s1987 eng d
020 |a 9280112163 
035 |l 10027584 
040 |a GR-MY-UA  |b gre  |e aacr 
041 0 |a eng 
082 0 |a 623.890289 
110 2 |a International Maritime Organization. 
245 1 0 |a Global maritime distress and safety system 
260 |a London :   |b International Maritime Organization,   |c 1987 
300 |a 90 p. 
650 0 0 |a Navigation  |x Safety measures. 
650 0 0 |a Radio in navigation. 
650 0 0 |a Artificial satellites in navigation. 
650 0 0 |a Distress signals. 
852 |a INST  |b CHIOS  |e 19980401  |h 623.890289 GLO  |p 005200009631  |q 005200009631  |t BK  |y 0 
901 |a BIBL-1998-1 
909 |a Χ  |b 054568